header

TRADITIONAL ENCOUNTERS (Record no. 252653)

MARC details
000 -LEADER
fixed length control field 00382nam a22001457a 4500
003 - CONTROL NUMBER IDENTIFIER
control field OSt
005 - DATE AND TIME OF LATEST TRANSACTION
control field 20160226131004.0
008 - FIXED-LENGTH DATA ELEMENTS--GENERAL INFORMATION
fixed length control field 160226b xxu||||| |||| 00| 0 eng d
020 ## - INTERNATIONAL STANDARD BOOK NUMBER
International Standard Book Number 0070049238
040 ## - CATALOGING SOURCE
Transcribing agency N/A
100 ## - MAIN ENTRY--PERSONAL NAME
Personal name BENTLEY JERRY H
245 ## - TITLE STATEMENT
Title TRADITIONAL ENCOUNTERS
Remainder of title AGOBAL PASPECTIVE ON THE PAST
260 ## - PUBLICATION, DISTRIBUTION, ETC. (IMPRINT)
Place of publication, distribution, etc MC GRAW HILL
Name of publisher, distributor, etc BOSTON BURR RIDGE
Date of publication, distribution, etc 2000
942 ## - ADDED ENTRY ELEMENTS (KOHA)
Source of classification or shelving scheme Library of Congress Classification
Koha item type Long Loan Books
Holdings
Withdrawn status Lost status Source of classification or shelving scheme Damaged status Not for loan Home library Current library Shelving location Date acquired Total Checkouts Full call number Barcode Date last seen Date checked out Price effective from Koha item type
    Library of Congress Classification     Rongo University Library Rongo University Library General Stacks 26/02/2016 2 D20.B42 2000 201610419 31/05/2017 18/05/2017 26/02/2016 Long Loan Books

© 2026 Rongo University
Contact us: librarian | system librarian | Rongo university